Statistics for Call of Duty Black Ops 3: Der Eisendrache | Ultimate Zombies Quiz!

Click here to take the quiz!

General Stats

  • This quiz has been taken 568 times
  • The average score is 9 of 15

Answer Stats

QuestionAnswer% Correct
How many Pack a Punch locations3
87%
Number of perks9
86%
New wonder weaponsBows
85%
Country that this map is locatedAustria
82%
The 1.0 character who diesDempsey
75%
Perk machine located in the control roomSpeed Cola
64%
Boss ZombiePanzer Soldat
60%
Secret wall buy weaponBRM
57%
English TranslationThe Iron Dragon
55%
Specialist weaponRagnarok DG-4
45%
New Trap (located just outside the power room)Death Ray
42%
Vehicle used for obtaining power upsTram
37%
Area where anti-gravity can be activatedUndercroft
35%
DLC nameAwakening
33%
Main Easter EggMy Brother's Keeper
18%

Score Distribution

Percentile by Number Answered

Percent of People with Each Score

Your Score History

You have not taken this quiz